000 01435nam a22002417a 4500
005 20241206161409.0
010 _aB-760516-529 07/24,CHHN B-761383
020 _c450.00
_a9789380920948
035 _aB-760516-529
035 _aB-761383
037 _bसनशाइन बुक्स
082 _a
100 _aरमाशंकर
_974821
245 _aमिशन ब्लू प्लैनेट/
_cरमाशंकर
260 _bसनशाइन बुक्स
_aनई दिल्ली
_c2022
270 _a4760-61,द्वितीय तल,23 अंसारी रेड,दरियागंज,
_bनई दिल्ली
_e110002
300 _a136 पृ.:
_c22 सेमी.(सजिल्द)
_bसचित्र
500 _aहरिकृष्ण देवसरे बाल साहित्य पुरस्कर प्राप्त
650 _aवैज्ञानिक बाल साहित्य
_974822
942 _2ddc
_cCH
_mरमाशं
_h
999 _c205587
_d205587